Fr. Conceicao Rodrigues College of Engineering

Accounting Information System (Record no. 20724)

MARC details
000 -LEADER
fixed length control field 00317nam a2200145Ia 4500
082 ## - DEWEY DECIMAL CLASSIFICATION NUMBER
Classification number 657
Item number Wu
100 ## - MAIN ENTRY--PERSONAL NAME
Personal name Wu/ Fredrick H
245 ## - TITLE STATEMENT
Title Accounting Information System
260 ## - PUBLICATION, DISTRIBUTION, ETC.
Name of publisher, distributor, etc. McGraw Hill
Place of publication, distribution, etc. Auckland
Date of publication, distribution, etc. 1984
300 ## - PHYSICAL DESCRIPTION
Extent 605
546 ## - LANGUAGE NOTE
Language note ENGLISH
654 ## - SUBJECT ADDED ENTRY--FACETED TOPICAL TERMS
Focus term Information System
942 ## - ADDED ENTRY ELEMENTS (KOHA)
Koha item type BOOK
Holdings
Withdrawn status Lost status Damaged status Not for loan Collection Home library Current library Shelving location Date acquired Total Checkouts Full call number Barcode Date last seen Price effective from Koha item type
        AFT Fr. Agnel's C.Rodrigues College of Engineering Fr. Agnel's C.Rodrigues College of Engineering   17/03/2023   657 Wu AFT5373 17/03/2023 17/03/2023 BOOK